| 000 | 00313 a2200133 4500 | ||
|---|---|---|---|
| 999 |
_c324300 _d324300 |
||
| 001 | 89227 | ||
| 003 | NUST | ||
| 082 | _a928.954 BAN | ||
| 100 |
_aBanoo Qudsia _99437 |
||
| 245 | _aMard e Abresham | ||
| 260 |
_aLahore _bSang-e-meel Publications _c2013 |
||
| 300 | _a158p. | ||
| 500 | _aGeneral Books | ||
| 942 |
_aCAE NUST _cBK _k928.954 BAN _2ddc |
||